| Tag |
First Indicator |
Second Indicator |
Subfields |
| LEADER |
00000cam a2200000 4500 |
| 001 |
in00000021091 |
| 005 |
20151007060951.0 |
| 008 |
751204s1932 stkaf b 00110 eng c |
| 010 |
|
|
|a agr32000675
|
| 035 |
|
|
|a (OCoLC)01875788
|
| 035 |
|
|
|9 AAD0700AM
|
| 040 |
|
|
|a Library, U.S. Dept. of Agriculture
|c CHS
|d CHS
|d TXA
|d UtOrBLW
|
| 049 |
|
|
|a TXAM
|c [51517]
|
| 090 |
|
|
|a SF375
|b .H36 1932
|
| 092 |
|
|
|a 636.3
|b H226g
|
| 096 |
|
|
|a SF 968 H226g 1932
|
| 100 |
1 |
|
|a Hammond, John,
|d 1889-1964.
|
| 245 |
1 |
0 |
|a Growth and development of mutton qualities in the sheep ;
|b a survey of the problems involved in meat production /
|c by John Hammond with a section in conjunction with A. B. Appleton.
|
| 264 |
|
1 |
|a Edinburgh,
|a London :
|b Oliver and Boyd,
|c 1932.
|
| 300 |
|
|
|a xxxi, 597 pages :
|b plates, diagrams ;
|c 26 cm.
|
| 336 |
|
|
|a text
|b txt
|2 rdacontent
|
| 337 |
|
|
|a unmediated
|b n
|2 rdamedia
|
| 338 |
|
|
|a volume
|b nc
|2 rdacarrier
|
| 490 |
1 |
|
|a Biological monographs and manuals ... ;
|v no. 10
|
| 504 |
|
|
|a "References" at end of each part.
|
| 650 |
|
0 |
|a Mutton.
|
| 650 |
|
0 |
|a Sheep.
|
| 650 |
|
2 |
|a Sheep.
|
| 700 |
1 |
|
|a Appleton, A. B.
|
| 830 |
|
0 |
|a Biological monographs and manuals ;
|v no. 10.
|
| 999 |
|
|
|a MARS
|
| 999 |
f |
f |
|s 80a5f864-d50e-32be-869f-66dea5254cbb
|i 0f8fbcda-db5c-3f05-8c31-959a81633e55
|t 0
|
| 952 |
f |
f |
|p ric
|a Texas A&M University
|b Rellis Campus
|c Joint Library Facility
|d Remote Storage
|t 0
|e SF375 .H36 1932
|h Library of Congress classification
|i unmediated -- volume
|m A14801090495
|
| 998 |
f |
f |
|a SF375 .H36 1932
|t 0
|l Remote Storage
|